Ładuje się......
Informational Biopolymers of Genes and Gene Expression Properties and Evolution
"Richard Blake has written a new text that examines the biophysics and biochemistry of nucleic acids and proteins. This book carves out the dynamic interface between chemistry and molecular biology, and provides a detailed picture of nucleic acids and proteins, their structures, biological prop...
| 1. autor: | |
|---|---|
| Format: | Printed Book |
| Wydane: |
Sausalito
University Science Books
2005
|
| Hasła przedmiotowe: | |
| Dostęp online: | http://classify.oclc.org/classify2/ClassifyDemo?owi=14450543 |
| LEADER | 01428nam a2200169 4500 | ||
|---|---|---|---|
| 999 | |c 149242 |d 149238 | ||
| 020 | |a 9781891389283 | ||
| 082 | |a 572.86 BLA/I | ||
| 100 | |a Blake, Richard D |9 64279 | ||
| 245 | |a Informational Biopolymers of Genes and Gene Expression |b Properties and Evolution | ||
| 260 | |a Sausalito |b University Science Books |c 2005 | ||
| 300 | |a 778p. | ||
| 520 | |a "Richard Blake has written a new text that examines the biophysics and biochemistry of nucleic acids and proteins. This book carves out the dynamic interface between chemistry and molecular biology, and provides a detailed picture of nucleic acids and proteins, their structures, biological properties, and origins and evolution. While pitched at a level that is accessible to upper-level undergraduate students of biology, the book will likewise be of keen interest to researchers and graduate students in biology, chemistry and the physical sciences. This is an ideal choice for courses on advanced biochemistry, physical biochemistry, nucleic acids and proteins, biophysics and biochemistry, molecular evolution, and protein-nucleic acid interactions."--Jacket. | ||
| 650 | |a Genes--Gene expression--Information theory in biology. |9 64280 | ||
| 856 | |u http://classify.oclc.org/classify2/ClassifyDemo?owi=14450543 | ||
| 942 | |c BK | ||
| 952 | |0 0 |1 0 |4 0 |6 572_860000000000000_BLA_I |7 0 |9 148066 |a SBS |b SBS |d 2017-10-19 |l 0 |o 572.86 BLA/I |p SBS1724 |r 2017-10-19 |w 2017-10-19 |y BK | ||